000 01041nas a2200337 4500
001 BR0303237
003 BR-BrBNA
005 20231205103911.0
007 ta
008 230509b bl.|||p| |||| 00| 00por d
040 _aBR-BrBNA
_bpor
_cBiblioteca Nacional de Agricultura
041 _a(Pt)
072 _aH20
100 1 _aGarcia Júnior, D.
100 1 _aPozza, E.A.
100 1 _aSouza, P.E. de
100 1 _aTalamini, V.
100 1 _aPozza, A.A.A.
100 1 _aCastro, H.A. de
100 1 _aSouza, R.M. de
100 1 _aAbreu, M.S. de
100 1 _aPfenning, L.H.
245 1 _aFrequência de ocorrência de agentes etiológicos, sintomas e origem de amostras do cafeeiro catalogados em 12 anos de Clínica Fitossanitária da UFLA
650 _aCAFÉ
650 _aSINTOMA
650 _aETIOLOGIA
650 _aEPIDEMIOLOGIA
773 0 _tCiência e Agrotecnologia (Brazil)
_xISSN 1413-7054
_g(Jan-Feb 2003), v. 27(1) p. 173-177
_wBR0303237
909 _a202311
_bLúcia
_c55
_dLúcia Elande
942 _2AGRIS
_n0
_cANA
999 _c175339
_d175339